01349nas a22002417a 4500999001700000005001700017007001200034008004100046022001400087040000900101082001500110245008700125260003800212300001600250310001500266365001600281500065300297650005600950651001601006655002001022856003601042942002901078 c40833d4083320200520110154.0cz aa aaaaa200428c f||poo|||| 00| 0 eng d a2664-6773 coclc a540bJOU/C aInternational Journal of Chemical and Biological Scienceshe-Journal (Open Access) bPrime PublicationsaDelhi, India  aPDF(online) aSemiannual eOpen Access aInternational Journal of Chemical and Biological Sciences to publish the most exciting research with respect to various topics of Chemical and Biological Science. Considers review and research articles related to Organic Chemistry, Physical Chemistry, Analytical Chemistry, Polymer Sciences, Medicinal Chemistry, Natural Chemistry, Biochemistry, Analytical Research Works, QSAR Studies, Nanotechnology, Biotechnological Research Works, Method and Process Development, Drug Development, Chemical reactions, Catalysis, Petrochemical industrial, Pollution and environmental, Mass and heat transfer, Biomass, Energy, Nanotechnology, Biochemical, etc.  092323aNatural sciences & mathematicsvChemistry 092254aIndia 092257ae-Journal uhttp://www.chemicaljournal.org/ 2ddccEJh540k540mJOU/C